El ambiente natural y las poblaciones humanas de los Andes del Norte Grande de Chile (Arica, Lat. 18o28's) : (Record no. 131094)

MARC details
000 -CABECERA
campo de control de longitud fija 01142nam a2200241 a 4500
005 - FECHA Y HORA DE LA ÚLTIMA TRANSACCIÓN
campo de control 20210219160119.0
008 - ELEMENTOS DE LONGITUD FIJA--INFORMACIÓN GENERAL
campo de control de longitud fija 080804s1982 mx r 000 0 spa d
020 ## - NÚMERO INTERNACIONAL NORMALIZADO PARA LIBROS
Número Internacional Estándar del Libro 9233020592
035 ## - NÚMERO DE CONTROL DEL SISTEMA
Número de control de sistema UPN01000158980
049 ## - COLECCIÓN
Colección UNE
080 ## - NÚMERO DE CLASIFICACIÓN DECIMAL UNIVERSAL
Número de la Clasificación Decimal Universal 577.4 (83) VEL Vol.1.
100 1# - ASIENTO PRINCIPAL--NOMBRE PERSONAL
Nombre de persona Veloso M., Alberto
245 13 - MENCIÓN DE TÍTULO
Título El ambiente natural y las poblaciones humanas de los Andes del Norte Grande de Chile (Arica, Lat. 18o28's) :
Resto del título volumen 1 : La Vegetación y los vertebrados inferiores de los pisos altitudinales entre Arica y el Lago Chungara /
Mención de responsabilidad, etc. Alberto Veloso M., Eduardo Bustos O-.
260 ## - PUBLICACIÓN, DISTRIBUCIÓN, ETC.
Lugar de publicación, distribución, etc. Montevideo :
Nombre del editor, distribuidor, etc. UNESCO,
Fecha de publicación, distribución, etc. 1982.
300 ## - DESCRIPCIÓN FÍSICA
Extensión 327 p. :
Otras características físicas il., map., retrs.
440 #3 - MENCIÓN DE SERIE/ASIENTO SECUNDARIO--TÍTULO
Título El hombre y los ecosistemas de montaña ;
Designación de volumen o secuencia 1
690 ## - PUNTO DE ACCESO ADICIONAL DE MATERIA LOCAL--TÉRMINO DE MATERIA (OCLC, RLIN)
Término de materia o nombre geográfico como elemento inicial Medio ambiente natural - Habitat - Climatología - Fauna - Flora
690 ## - PUNTO DE ACCESO ADICIONAL DE MATERIA LOCAL--TÉRMINO DE MATERIA (OCLC, RLIN)
Término de materia o nombre geográfico como elemento inicial Recursos naturales - Condiciones de vida - Geografía humana
690 ## - PUNTO DE ACCESO ADICIONAL DE MATERIA LOCAL--TÉRMINO DE MATERIA (OCLC, RLIN)
Término de materia o nombre geográfico como elemento inicial Chile - Genética humana - Efectos fisiológicos - Poblaciones i.
700 1# - ASIENTO SECUNDARIO--NOMBRE DE PERSONAL
Nombre de persona Bustos O., Eduardo,
Término indicativo de función/relación coaut.
710 2# - ASIENTO SECUNDARIO - NOMBRE CORPORATIVO
Nombre de entidad corporativa o nombre de jurisdicción como elemento de entrada ROSTLAC.
Unidad subordinada Oficina Regional de Ciencia y Tecnología de la UNESCO para América Latina y el Caribe
905 ## - TIPO DE MATERIAL
Tipo de material UNESCO

No items available.